Imię męskie na literę "A" - Statystyki

Ogólne statystyki
  • Ten quiz został rozwiązany 607 razy
    429 od ostatniego zresetowania
  • Średni wynik to 4 z 11
Statystyki odpowiedzi
Męskie % Poprawnych
Adam
80%
Andrzej
72%
Aleksander
61%
Adrian
50%
Alan
40%
Albert
28%
Alojzy
22%
Adolf
21%
Arnold
11%
Aureliusz
7%
Abraham
4%
Nie znaleziono quizów pasujących do podanych kryteriów
Rozkład punktacji
Procent ludzi z każdym wynikiem
Percentyl według liczby udzielonych odpowiedzi
Twoja historia wyników
Nie rozwiązałeś tego quizu od ostatniego zresetowania